000 00377pam a2200157a 44500
008 230515b2008 xxu||||| |||| 00| 0 eng d
020 _aNULL
041 _aENGLISH
082 _aNULL
100 _aAUSTEN.J.
245 _aPRIDE & PREJUDICE
250 _a1
260 _aNEW DELHI
_b"USB PUBLISHERS DISTRIBUTORS PVT.LTD.,NEW DELHI"
_c2008
300 _a454
650 _aNULL
999 _c478124
_d478124